Prénoms célèbres n°8 - Statistiques

Statistiques générales
  • Ce quiz a été pris 436 fois
  • Le résultat moyen est 10 sur 16
Statistiques - réponses
Prénom Noms de famille % Correct
Pascal Obispo, Légitimus, Quignard, Sevran
88%
Mylène Farmer, Demongeot, Jampanoï
87%
Véronique Sanson, Jannot, Genest, Rivière
80%
Samuel Eto'o, Beckett, Umtiti, L. Jackson
78%
Jack Kerouac, Nicholson, London
73%
Chantal Goya, Lauby, Jouanno, Ladesou, Curtis
72%
Harry S. Truman, Kane, Styles
69%
Mireille Darc, Balin, Dumas, Mathieu
67%
Thomas d'Aquin, Mann,Sankara, Edison
67%
Laurent de Médicis, Gerra, Wauquiez
65%
Amanda Lear, Seyfried, Bynes, Peet
57%
Henry de Lesquen, Miller, Ford, Fonda
53%
Sabine Azéma, Lisicki, Weiss, Paturel
51%
Matthew McConaughey, Broderick, Perry
49%
Yvette Horner, Roudy, Giraud, Théraulaz
33%
Gabriela Sabatini, Mistral, Koukalová
22%
Aucun quiz correspondant
Distribution des résultats
% des personnes avec chaque résultat
Percentile par nombre de réponses
Votre historique - résultats
Vous n’avez pas pris ce quiz